000 00521nam a2200181Ia 4500
005 20250508162948.0
008 008 250505s9999 xx 000 0 eng d
037 _aTextual
040 _aFEDL
_beng
_cFEDL
041 _aeng
_2eng
084 _a378, KAP
_qFEDL
100 _aKapur J N
245 0 _aRestructuring higher education system in India
260 _aNew Delhi, India
_bC V Kapur Educational Foundation
_c1996
300 _aviii,280p.
942 _cTEXL
_h378, KAP
999 _c1379648
_d1379648